000 00573nam a2200181 i 4500
001 31840
003 ES-MaACL
005 20230906154444.0
007 t|
008 030130s1972 sp ||||1| spa d
100 1 _aBecker, Raymond de.
_926951
245 1 3 _aLa vida trágica de Sigmund Freud /
_cRaymond de Becker ; traducción de José Germán y Federico Soto.
260 _aMadrid :
_bEosgraf,
_c1972.
300 _a325 p., 12 lám. :
_bil. ;
_c19 cm.
700 1 _aGermán, José.
_956471
700 1 _aSoto, Federico.
_9107481
852 _aES-MaACL
_jC-43618
_bR.82779
999 _c31840
_d31840